000 00675nam a22002057a 4500
003 0
005 20251108084827.0
008 251108b xxu||||| |||| 00| 0 eng d
020 _a0-425-21269-6
050 _aPS 3557.R13
_b.G73 2005
100 _aGrafton, Sue,
_eauthor.
245 _aS is for silence /
_cSue Grafton.
260 _aNew York, NY :
_bThe Berkley Publishing Group,
_c2005.
300 _a352 pages ;
_c18 cm.
650 _aDetective and mystery fiction.
650 _aMillhone, Kinsey (Fictitious character)
_xFiction.
650 _aWomen private investigators
_zCalifornia
_xFiction.
650 _aMissing persons
_xInvestigation
_vFiction.
942 _2lcc
_cBK
999 _c368522
_d368522